000 00685nam a2200241 a 4500
008
020 _a0471364479 (hbk.)
049 _aMAIN
090 _aHF1411
_bSAL
100 1 _aSalvatore, Dominick.
245 1 0 _aInternational economics /
_cDominick Salvatore.
250 _a7th ed.
260 _aNew York :
_bJohn Wiley,
_cc2001.
300 _aix, 830 p. ;
_c24 cm.
504 _aIncludes bibliographical references.
500 _aIncludes index.
650 0 _aInternational economic relations.
907 _a.b10294314
_b18-07-13
_c06-04-11
003
005 20230123125217.0
040 _cNUST
942 _cBOOKS
_kHF1411
_mSAL
999 _c137614
_d137614